The Role of Government in Tackling Income Inequality: Evidence from Central and Eastern European Countries

Preskúmanie úlohy vládnych zásahov pri znižovaní príjmovej nerovnosti v postkomunistických ekonomikách Strednej a Východnej Európy.

Gespeichert in:
Bibliographische Detailangaben
1. Verfasser: Zimčík, Petr
Weitere Verfasser: Pakšiová, Renáta, 1974-, Semerád, Pavel, Brauner, Roman
Format: Buchkapitel
Sprache:Englisch
Schlagworte:
Tags: Tag hinzufügen
Keine Tags, Fügen Sie das erste Tag hinzu!

MARC

LEADER 00000naa a2200000 4500
001 0306080
005 20250127142030.7
041 0 |a eng 
044 |a DE 
245 1 0 |a The Role of Government in Tackling Income Inequality: Evidence from Central and Eastern European Countries  |c Petr Zimčík, Renáta Pakšiová, Pavel Semerád, Roman Brauner 
520 |a Preskúmanie úlohy vládnych zásahov pri znižovaní príjmovej nerovnosti v postkomunistických ekonomikách Strednej a Východnej Európy. 
610 2 0 |a stredná Európa 
610 2 0 |a východná Európa 
610 2 0 |a nerovnosť 
610 2 0 |a nerovnosť príjmová 
610 2 0 |a politika fiškálna 
610 2 0 |a mzdy minimálne 
610 2 0 |a mzdy 
100 1 |a Zimčík, Petr 
700 1 |a Pakšiová, Renáta, 1974- 
700 1 |a Semerád, Pavel 
700 1 |a Brauner, Roman